000 01152nam a22002297a 4500
005 2010072603373.0
010 _aHIN-89826
020 _a8121403766
_c125.00
035 _aHN-62172
037 _bDBAD/PUB
082 _a821
100 _aतिवारी, विश्वनाथ प्रसाद
_91444
245 _aफिर भी कुछ रह जायेगा /
_cविश्वनाथ प्रसाद तिवारी
246 _aPhir bhi kuchh rah jayega
_bby Vishwanath Prasad Tiwari
260 _aनयी दिल्ली
_bनेशनल पब्लिशिंग हाऊस
_c2008
270 _a2/35 अंसारी रोड, दरियागंज
_bनयी दिल्ली
_e110002
_l011-23254407
_mnational_publishinghouse@airtelmail.in
300 _a87पृ.
_c22सेमी (सजिल्द)
650 _aहिन्दी कविता
_9697
650 _ahindiI poetry
_923960
942 _2ddc
_cHN
_h821
_mतिवारी
999 _c37689
_d37689